Textbook of inorganic chemistry (Record no. 4527)

000 -LEADER
fixed length control field 00367 a2200145 4500
082 ## - DEWEY DECIMAL CLASSIFICATION NUMBER
Classification number 546
090 ## - LOCALLY ASSIGNED LC-TYPE CALL NUMBER (OCLC); LOCAL CALL NUMBER (RLIN)
-- 544
-- 544
100 ## - MAIN ENTRY--PERSONAL NAME
Personal name Zafar Iqbal
245 ## - TITLE STATEMENT
Title Textbook of inorganic chemistry
Statement of responsibility, etc. Zafar Iqbal
260 ## - PUBLICATION, DISTRIBUTION, ETC.
Place of publication, distribution, etc. Lahore :
Name of publisher, distributor, etc. Markazi Kutub Khana
Date of publication, distribution, etc. 2004
300 ## - PHYSICAL DESCRIPTION
Extent ix, 570 p. :
Other physical details ill. ;
Dimensions 23 cm.
500 ## - GENERAL NOTE
General note Includes Index
650 ## - SUBJECT ADDED ENTRY--TOPICAL TERM
Topical term or geographic name entry element Chemistry
942 ## - ADDED ENTRY ELEMENTS (KOHA)
Koha item type Book
Call number prefix 546 ZAF
Holdings
Withdrawn status Lost status Damaged status Not for loan Collection code Permanent Location Current Location Shelving location Date acquired Source of acquisition Cost, normal purchase price Total Checkouts Total Renewals Full call number Barcode Date last seen Date last checked out Price effective from Koha item type
          Central Library (CL) Central Library (CL) General Stacks 03/25/2005 New Public Book 180.00 4 1 546 ZAF SEECS005493 01/10/2025 11/16/2024 01/05/2017 Book
          Central Library (CL) Central Library (CL) General Stacks 03/25/2005 New Public Book 180.00 3 2 546 ZAF SEECS005494 02/22/2023 09/14/2022 01/05/2017 Book
          Central Library (CL) Central Library (CL) General Stacks 03/15/2005 New Public Book 180.00 2 1 546 ZAF SEECS005492 07/26/2025 09/17/2023 01/05/2017 Book
© 2023 Central Library, National University of Sciences and Technology. All Rights Reserved.